000 01080nam a2200277 i 4500
001 196787
003 ES-MaACL
005 20250825062706.0
008 241125b2023 sp ||||| |||| 00| 0 spa d
020 _a9788986595252
040 _bspa
_cES-MaACL
245 1 _aUkraine: Love + War
260 _a[Francia] :
_bFotoEvidence Association,
_c2024
300 _a539 páginas ;
_c33 cm
336 _2rdacontent
_atexto
337 _2rdamedia
_asin mediación
338 _2rdacarrier
_avolumen
651 7 _9162739
_aUcrania-
_xHistoria
655 7 _2tgfbne
_aLibros ilustrados
_9193653
852 _aES-MaACL
_cDEPOJ
_jN-10200
_hDedicatoria autógrafa de la editorial
_xEncuadernación rústica
_9206327
942 _cMONOGRAFIA
_n0
999 _c196787
_d196787